000 00548nam a2200181Ia 4500
005 20250508160228.0
008 008 250505s9999 xx 000 0 eng d
037 _aTextual
040 _aFEDL
_beng
_cFEDL
041 _aeng
_2eng
084 _a320.157, ACK
_qFEDL
100 _aAckerly Robert L.
_9767940
245 0 _aReasonable exercise of authority
260 _aWashington, USA
_bThe National Association of Secondary School Principals
_c1969
300 _a29p
942 _cTEXL
_h320.157, ACK
999 _c1362843
_d1362843